00473 2200169 4500001002100000005001500021035002000036007000300056008004100059100001600100245006600116250001100182260003700193300004600230650000900276700001800285INLIS00000000000064320221128010300 a0010-1122000237ta221128 0 0 aFadila B.A.1 aAlhamdulillah :bUcapan Syukur Penjual Kerupuk /cFadila B.A. aCet. I aSurakarta :bLingkar Media,c--- a24 halaman :bilustrasi berwarna ;c20 cm 4a20150 aPutra Perdana